01060nam a2200301Ia 450000500170000000800410001702000180005804100080007608200160008410000260010024501150012625000180024130000700025949000140032950000420034350400490038565000470043465000370048165000350051870000250055394200120057826400300059033600270062033700330064733800280068004000350070899900150074320220317001824.0170410s2015 s a g 000 0 s  a9788433973436 aspa04a570.1bC16t1 aCapra, Fritjofd1966-13aLa trama de la vidabuna nueva perspectiva de los sistemas vivoscFritjof Capra ; traducción de David Sempau a4a. edición a359 páginasbilustraciones, gráficos en blanco y negroc21 cm aCompactos aIncluye datos biográficos del autor aIncluye bibliografía e índice temático142LEMBaCienciavAspectos morales y éticos142LEMBaCienciavAspectos sociales142LEMBaCienciavInvestigaciones1 aSempau, David977525 2ddccBK aBarcelonabAnagramac2015 atextobtxt2rdacontent asin mediaciónbn2rdamedia avolumenbnc2rdacarrier aCO-BoRNBPbspaerdacCO-BoRNBP c8212d8212